<?xml version="1.0" encoding="UTF-8"?>
<record
    xmlns:xsi="http://www.w3.org/2001/XMLSchema-instance"
    xsi:schemaLocation="http://www.loc.gov/MARC21/slim http://www.loc.gov/standards/marcxml/schema/MARC21slim.xsd"
    xmlns="http://www.loc.gov/MARC21/slim">

  <leader>00533cam a2200181 i 4500</leader>
  <datafield tag="999" ind1=" " ind2=" ">
    <subfield code="c">114514</subfield>
    <subfield code="d">114514</subfield>
  </datafield>
  <controlfield tag="001">4095318</controlfield>
  <controlfield tag="005">20191107101934.0</controlfield>
  <controlfield tag="008">750225s1974    nyu      b    001 0 eng  </controlfield>
  <datafield tag="020" ind1=" " ind2=" ">
    <subfield code="a">9788190815567</subfield>
  </datafield>
  <datafield tag="040" ind1=" " ind2=" ">
    <subfield code="c">PK-LaUMT</subfield>
  </datafield>
  <datafield tag="082" ind1="0" ind2="0">
    <subfield code="a">658.4083</subfield>
    <subfield code="b">AFS-C</subfield>
  </datafield>
  <datafield tag="100" ind1="1" ind2=" ">
    <subfield code="a">Afshan ahmed</subfield>
  </datafield>
  <datafield tag="245" ind1="1" ind2="4">
    <subfield code="a">The corporate conscience /</subfield>
    <subfield code="c">by Afshan Ahmed and Iftikhar; edited by Shafqat Munir</subfield>
  </datafield>
  <datafield tag="260" ind1=" " ind2=" ">
    <subfield code="a">Kammanahalli :</subfield>
    <subfield code="b">Prakruthi,</subfield>
    <subfield code="c">2011</subfield>
  </datafield>
  <datafield tag="300" ind1=" " ind2=" ">
    <subfield code="a">144 p. ;</subfield>
    <subfield code="c">25 cm.</subfield>
  </datafield>
  <datafield tag="650" ind1=" " ind2="0">
    <subfield code="a">Industries</subfield>
    <subfield code="x">Social aspects</subfield>
    <subfield code="z">United States.</subfield>
  </datafield>
  <datafield tag="942" ind1=" " ind2=" ">
    <subfield code="c">BK</subfield>
  </datafield>
  <datafield tag="952" ind1=" " ind2=" ">
    <subfield code="0">0</subfield>
    <subfield code="1">0</subfield>
    <subfield code="4">0</subfield>
    <subfield code="7">0</subfield>
    <subfield code="a">01</subfield>
    <subfield code="b">01</subfield>
    <subfield code="d">2019-11-07</subfield>
    <subfield code="l">0</subfield>
    <subfield code="o">658.4083 AFS-C</subfield>
    <subfield code="p">132309</subfield>
    <subfield code="r">2019-11-07 00:00:00</subfield>
    <subfield code="w">2019-11-07</subfield>
    <subfield code="y">BK</subfield>
  </datafield>
</record>
